Vida quotidiana en un poble industrial : Sant Martí de Provençals 1862-1925 / Maria Teresa Mirri Larrubia Sant Martí de Provençals 1862-1925 / Maria Teresa Mirri Larrubia
ISBN:
84-7609-953-3
Descripción Física:
169 p. : il., fot. ; 21 cm
MARC
| LEADER | 00000nam a2200000Ia 4500 | ||
|---|---|---|---|
| 001 | 13619 | ||
| 008 | 160829s2001 xx 000 0 cat d | ||
| 020 | |a 84-7609-953-3 | ||
| 080 | |a H-2-129 | ||
| 100 | |a Mirri Larrubia, Maria Teresa |9 26297 | ||
| 245 | |a Vida quotidiana en un poble industrial : |b Sant Martí de Provençals 1862-1925 / Maria Teresa Mirri Larrubia | ||
| 260 | |a [Barcelona] : |b Districte de Sant Martí, Arxiu Municipal de Barcelona, |c 2001 | ||
| 300 | |a 169 p. : |b il., fot. ; |c 21 cm | ||
| 490 | |a Col·lecció quaderns / Arxiu Municipal del Districte de Sant Martí ; 4 | ||
| 590 | |a Bibliografia. | ||
| 590 | |a Cronologia | ||
| 650 | |a Sant Martí de Provençals (Barcelona) |x Història |9 26298 | ||
| 650 | |a Sant Martí de Provençals (Barcelona) |x Vida social i costums |9 26299 | ||
| 710 | 2 | |a Arxiu Municipal de Barcelona |9 55021 | |
| 901 | |a Arxiu | ||
| 942 | |n 1 | ||
| 952 | |0 0 |1 0 |4 0 |6 H2129 |7 1 |9 43947 |a Arxiu |b Arxiu |d 2016-12-01 |l 0 |o H-2-129 |p 13619 |r 2016-12-01 00:00:00 |w 2016-12-01 |y ARXIU | ||
| 999 | |c 46527 |d 46527 | ||